Liturgia de las horas (Record no. 139448)

MARC details
000 -LEADER
campo de control de longitud fija 00630nam a2200181 4500
001 - NÚMERO DE CONTROL
campo de control 139448
003 - IDENTIFICADOR DE NÚMERO DE CONTROL
campo de control ES-MaACL
005 - FECHA Y HORA DE LA ÚLTIMA TRANSACCIÓN
campo de control 20230906195816.0
007 - CAMPO FIJO DE DESCRIPCIÓN FÍSICA--INFORMACIÓN GENERAL
campo de control de longitud fija t|
008 - DATOS DE LONGITUD FIJA--INFORMACIÓN GENERAL
campo de control de longitud fija 070214s1973 sp r ||||1| spa d
100 1# - ENTRADA PRINCIPAL--NOMBRE DE PERSONA
Nombre de persona Sastre Prieto, Celso.
9 (RLIN) 103931
245 10 - MENCIÓN DEL TÍTULO
Título Liturgia de las horas
Resto del título : del nuevo oficio divino reformado según los decretos del Concilio Vaticano II /
Mención de responsabilidad, etc. Celso Sastre Prieto.
260 ## - PUBLICACIÓN, DISTRIBUCIÓN, ETC.
Lugar de publicación, distribución, etc. Segovia :
Nombre del editor, distribuidor, etc. Caja de Ahorros y Monte de Piedad,
Fecha de publicación, distribución, etc. 1973.
300 ## - DESCRIPCIÓN FÍSICA
Extensión 60 p. ;
Dimensiones 32 cm.
500 ## - NOTA GENERAL
Nota general Ejemplar multicopista.
710 2# - ENTRADA AGREGADA--NOMBRE DE ENTIDAD CORPORATIVA
Nombre de entidad corporativa o nombre de jurisdicción como elemento de entrada Caja de Ahorros y Monte de Piedad.
9 (RLIN) 2317
852 ## - LOCALIZACIÓN
Ubicación ES-MaACL
Número de control de estantería C-53254
Sublocalización o colección R.86129
Holdings
Estatus retirado Estado de pérdida Estado de daño No para préstamo Biblioteca de origen Biblioteca actual Ubicación en estantería Fecha de adquisición Fuente de adquisición Total de préstamos Signatura topográfica completa Código de barras Visto por última vez Precio de reemplazo Tipo de ítem Koha
        Biblioteca del Ateneo de Madrid Biblioteca del Ateneo de Madrid Depósito 2 17/01/2008     C-53254 1145118 23/02/2023 23/02/2023 Libro impreso